| 000 | 003600000a22001570004500 | ||
|---|---|---|---|
| 020 | _a1-55037-574-1 | ||
| 082 | 0 | 4 | _aB B151h |
| 100 | 1 | _aBailey, Debbie | |
| 245 | 1 | 0 | _aHagamos de cuenta / Debbie Bailey |
| 260 | _aCanadá : Annick Press Ltd. | ||
| 300 | _a[ 8 p. ] | ||
| 440 | 0 | _aCol. \ Hablemos | |
| 500 | _aTexto Pasta dura | ||
| 001 | 492 | ||
| 942 | _cLGB | ||
| 999 |
_c47707 _d47707 |
||